000 00466nam a2200181Ia 4500
005 20240823055320.0
008 240823s9999||||xx |||||||||||||| ||und||
041 _aENGLISH
082 _A629.89 Q5
100 _aChauhan
245 0 _aAnalog and Digital Circuits for Electronic Control System
250 _a1st
260 _c2015
_bVenus Books Publishers & Distrib
500 _aYES
650 _aDigital Circuit
_bElectronics
942 _cBK
999 _c228500
_d228500